Dear Dinosaur / (Record no. 7551)
[ view plain ]
| 000 -LEADER | |
|---|---|
| fixed length control field | 01178nam a22002777a 4500 |
| 001 - CONTROL NUMBER | |
| control field | 7551 |
| 003 - CONTROL NUMBER IDENTIFIER | |
| control field | FISKH |
| 005 - DATE AND TIME OF LATEST TRANSACTION | |
| control field | 20250724085258.0 |
| 008 - FIXED-LENGTH DATA ELEMENTS--GENERAL INFORMATION | |
| fixed length control field | 250724b cb ||||| |||| 00| 0 eng d |
| 020 ## - INTERNATIONAL STANDARD BOOK NUMBER | |
| International Standard Book Number | 9781407159294 |
| 040 ## - CATALOGING SOURCE | |
| Original cataloging agency | FISKH |
| Language of cataloging | eng |
| Transcribing agency | FISKH |
| Modifying agency | FISKH |
| 050 ## - LIBRARY OF CONGRESS CALL NUMBER | |
| Classification number | PZ7 S |
| 082 ## - DEWEY DECIMAL CLASSIFICATION NUMBER | |
| Classification number | 823.92 |
| 100 ## - MAIN ENTRY--PERSONAL NAME | |
| Personal name | Strathie, Chae |
| 245 ## - TITLE STATEMENT | |
| Title | Dear Dinosaur / |
| Statement of responsibility, etc. | Chae Strathie ; Nicola O'Byrne |
| 260 ## - PUBLICATION, DISTRIBUTION, ETC. | |
| Place of publication, distribution, etc. | New York : |
| Name of publisher, distributor, etc. | Scholastic, |
| Date of publication, distribution, etc. | 2017. |
| 300 ## - PHYSICAL DESCRIPTION | |
| Extent | 26 unnumbered pages : |
| Other physical details | color illustrations ; |
| Dimensions | 28 cm |
| 505 ## - FORMATTED CONTENTS NOTE | |
| Formatted contents note | K<br/> |
| 520 ## - SUMMARY, ETC. | |
| Summary, etc. | After a trip to the museum, Max writes a letter to his favourite dinosaur, the mighty T. Rex - and the T. Rex writes back! As Max and T. Rex learn about each other's lives, a very unusual friendship develops in this funny and touching story from an award-winning duo. Dinosaur fans will love this interactive picture book with letters and cards to open, and dinosaur facts to discover along the way. |
| 521 8# - TARGET AUDIENCE NOTE | |
| Target audience note | 510<br/> |
| Source | Lexile estimate <br/> |
| 521 8# - TARGET AUDIENCE NOTE | |
| Target audience note | K<br/> |
| Source | Raz-Plus<br/> |
| 650 ## - SUBJECT ADDED ENTRY--TOPICAL TERM | |
| Topical term or geographic name entry element | Dinosaurs |
| Form subdivision | Children's Fiction |
| General subdivision | Picture Book |
| Chronological subdivision | Friendship |
| 700 ## - ADDED ENTRY--PERSONAL NAME | |
| Personal name | O'Byrne, Nicola |
| Relator term | Illustrator |
| 942 ## - ADDED ENTRY ELEMENTS (KOHA) | |
| Source of classification or shelving scheme | Dewey Decimal Classification |
| Koha item type | Books |
| Suppress in OPAC | No |
| Withdrawn status | Lost status | Source of classification or shelving scheme | Damaged status | Not for loan | Collection | Home library | Current library | Shelving location | Date acquired | Total Checkouts | Full call number | Barcode | Date last seen | Copy number | Price effective from | Koha item type |
|---|---|---|---|---|---|---|---|---|---|---|---|---|---|---|---|---|
| Dewey Decimal Classification | Juvenile Fiction | Footprints International School Library Network Toul Kork Campus | Footprints International School Library Network Toul Kork Campus | TK Primary Library Room(4th Floor), Bookcase 3&4, Shelves 17-32, Yellow Books | 07/24/2025 | STR 823.92 PZ7 S | FISBT00093 | 07/24/2025 | 1 | 07/24/2025 | Books |
